Länder mit blauer Flagge - Statistiken

Allgemein
  • Dieses Quiz wurde 72 mal gespielt
  • Das Durchschnittsergebnis liegt bei 13 aus 18
Answers on the Grid
Answers color-coded by a green-red scale on the quiz's grid according to % correct below.
Uruguay
Israel
Algerien
Usbekistan
Tadschikistan
Eritrea
Bhutan
Kambodscha
Island
Jamaika
Ukraine
Indien
Gabun
Malta
Österreich
Paraguay
Deutschland
Lesotho
Sükorea
Argentinien
Jemen
Italien
Kenia
Kosovo
Äthiopien
Armenien
Mauritius
Marokko
Norwegen
Zypern
 
Antwortstatistiken
Antwort % Korrekt
Israel
97%
Island
96%
Uruguay
96%
Ukraine
94%
Argentinien
90%
Kosovo
81%
Norwegen
79%
Paraguay
78%
Sükorea
78%
Usbekistan
72%
Lesotho
66%
Mauritius
66%
Gabun
63%
Armenien
60%
Kambodscha
55%
Eritrea
40%
Äthiopien
36%
Indien
21%
Keine übereinstimmenden Quizze gefunden
Verteilung der Resultate
Anzahl Personen mit jedem Resultat
Perzentil nach korrekt beantworteten Fragen
Ihre Resultats-Entwicklung
Sie haben dieses Quiz noch nicht gespielt